000 00875nam a22002417i 4500
005 20260105110419.0
008 250906s2025 |||||||gr|||| 00| 0 ara d
020 _a9789953154008
040 _aJO-AmGAM
_erda
043 _aa ye
082 1 4 _a320.9567
_bش ع ث
100 1 _aشعثان، علي حسن مقبل
_eمؤلف.
245 1 0 _aخلفيات ومكامن مواضيع متصلة بالأزمنة اليمنية 2011-2022 /
_cعلي حسن مقبل شعثان.
250 _aالطبعة الأولى.
264 3 1 _aالقدس :
_bدار الجندي للنشر والتوزيع،
_c2025.
300 _a116 صفحة.
336 _2rdacontent
_aنص
_btxt
337 _2rdamedia
_aدون وسيط عرض
_bn
338 _2rdacarrier
_aمجلد
_bnc
650 1 7 _aالاحوال السياسية.
_zاليمن.
942 _2ddc
_cBK
999 _c247388
_d247388